| 000 | 00819nam a2200265 a 4500 | ||
|---|---|---|---|
| 001 | 000005066 | ||
| 003 | DO-SdBNP | ||
| 005 | 20171130100134.0 | ||
| 007 | 000005066 | ||
| 008 | 090729s2012 dr a 001 0 spa d | ||
| 040 |
_aBPMSU _bspa _cBPMSU |
||
| 092 |
_a _b |
||
| 110 | 1 |
_a Instituto Tecnológico de Santo Domingo _b |
|
| 245 | 1 | 0 |
_aReglamentos del consejo de investigaciones : _baprobado en Consejo Académico mediante resoluciones no. 02-10/2012 _c |
| 246 | 1 | 3 | _a |
| 260 |
_aSanto Domingo. : _bINTEC, _c2012 |
||
| 300 |
_a19 p. ; _b _c21 cm. |
||
| 610 | 2 |
_a _x |
|
| 930 | 1 |
_l _m _8 _f _p _g _h |
|
| 942 |
_2ddc _cBK |
||
| 945 | _aInventariado / 2017 VM | ||
| 956 |
_aVMATEO _b10 _c20171101 _lBPMSU _h0069 |
||
| 956 |
_aVMATEO _b10 _c20091016 _lBND01 _h0924 |
||
| 956 |
_aVMATEO _b10 _c20150811 _lBPMSU _h00151 |
||
| 999 |
_c13221 _d13221 |
||